Pays frontaliers à la France - Statistiques

Statistiques générales
  • Ce quiz a été pris 90 fois
  • Le résultat moyen est 6 sur 6
Statistiques - réponses
Réponse % Correct
allemagne
99%
belgique
99%
espagne
99%
italie
97%
suisse
96%
luxembourg
92%
Aucun quiz correspondant
Distribution des résultats
% des personnes avec chaque résultat
Percentile par nombre de réponses
Votre historique - résultats
Vous n’avez pas pris ce quiz